000 00979nas a2200313 4500
001 BR2010000515
003 BR-BrBNA
005 20231205113848.0
007 ta
008 230509b bl.|||p| |||| 00| 00por d
040 _aBR-BrBNA
_bpor
_cBiblioteca Nacional de Agricultura
041 _a(Pt)
072 _aH60; H50
100 1 _aMaciel, C.D.G.
100 1 _aAmstalden, S.L.
100 1 _aRaimondi, M.A.
100 1 _aLima, G.R.G.
100 1 _aOliveira Neto, A.M.
100 1 _aArtuzi, J.P.
245 1 _aSeletividade de cultivares de soja RR submetidos a misturas em tanque de glyphosate + chlorimuron-ethyl associadas a óleo mineral e inseticidas
650 _aSOJA
650 _aHERBICIDA
650 _aCONTROLE QUÍMICO
650 _aÓLEO MINERAL
650 _aINSETICIDA
773 0 _tPlanta Daninha (Brazil)
_xISSN 0100-8358
_g(Oct-Dec 2009), v. 27(4) p. 755-768
_wBR2010000515
909 _a202311
_bLúcia
_c55
_dLúcia Elande
942 _2AGRIS
_n0
_cANA
999 _c206007
_d206007